[Event "26th WSCC 2016 Women 50+"]
[Site "Marianske Lazne, Czech Republic - Hotel Cristal"]
[Date "2016.11.24"]
[Round "6.11"]
[White "Khropova, Larisa"]
[Black "Baliuniene, Margarita"]
[Result "1-0"]
[WhiteElo "1981"]
[BlackElo "1877"]
[PlyCount "149"]
[EventDate "2016.11.19"]

1. d4 d5 2. Nf3 Nf6 3. e3 e6 4. Bd3 c5 5. b3 cxd4 6. exd4 Nc6 7. O-O Bd6 8. Bb2
O-O 9. a3 b6 10. Nbd2 Bb7 11. Ne5 Qc7 12. f4 Ne8 13. Qe2 g6 14. Ndf3 Ng7 15. g3
Ne7 16. Ng4 f6 17. Nh6+ Kh8 18. Ng4 Rae8 19. Rae1 Bc8 20. Ne3 Nef5 21. Qf2 Nxe3
22. Rxe3 a6 23. Qe2 b5 24. c4 bxc4 25. bxc4 dxc4 26. Bxc4 a5 27. Rc1 Qa7 28.
Bb5 Bd7 29. Bxd7 Qxd7 30. Qa6 Rb8 31. Re2 Qb5 32. Qxb5 Rxb5 33. Rc6 Rd5 34. Nd2
Bb8 35. Nf3 Kg8 36. Kg2 Kf7 37. Bc3 Rfd8 38. Ra6 Bc7 39. Rc6 R8d7 40. Kf2 Bd6
41. Bb2 Rb7 42. Rec2 Nf5 43. Ra6 h5 44. Ke2 Rdb5 45. Bc1 Ke7 46. Bd2 Rb3 47.
Rc3 Rxa3 48. Rxa3 Bxa3 49. Rxa5 Bb2 50. Ra4 Kd6 51. Bb4+ Kd5 52. Kd3 Rb5 53.
Bc3 Bxc3 54. Kxc3 Ke4 55. Nd2+ Ke3 56. Nc4+ Ke4 57. Nd2+ Kd5 58. Nb3 Nd6 59.
Ra2 Ke4 60. Nc5+ Kf5 61. Ra6 Nb7 62. Nxe6 Rb1 63. Ng7+ Kg4 64. Rxf6 g5 65. Rg6
Kh3 66. Rxg5 h4 67. gxh4 Kxh4 68. Nf5+ Kh3 69. Ne3 Kxh2 70. Rg6 Rc1+ 71. Kd3
Rc7 72. f5 Rf7 73. Ke4 Kh3 74. Nd5 Kh4 75. Kf4 1-0

[Event "26th WSCC 2016 Women 50+"]
[Site "Marianske Lazne, Czech Republic - Hotel Cristal"]
[Date "2016.11.24"]
[Round "6.12"]
[White "Korinkova, Eva"]
[Black "Ovlyakuliyeva, Guldjahan"]
[Result "0-1"]
[WhiteElo "1792"]
[BlackElo "1884"]
[PlyCount "118"]
[EventDate "2016.11.19"]

1. e4 c5 2. Nc3 d6 3. f4 e6 4. Nf3 Nc6 5. Bb5 Bd7 6. Bxc6 Bxc6 7. O-O Nf6 8. d3
g6 9. Qe1 Bg7 10. f5 O-O 11. fxe6 fxe6 12. Qh4 Qd7 13. Bg5 Nh5 14. g4 Nf4 15.
Bxf4 Rxf4 16. Ne2 Rff8 17. Rab1 b5 18. g5 e5 19. h3 Rf7 20. Nh2 Raf8 21. Ng4
Rxf1+ 22. Rxf1 Rxf1+ 23. Kxf1 Qf7+ 24. Qf2 Qxa2 25. Ke1 Qe6 26. b4 Qf7 27. bxc5
Qxf2+ 28. Kxf2 dxc5 29. Ke3 Kf7 30. Nc1 Bd7 31. Nb3 Bxg4 32. hxg4 Bf8 33. Na5
Ke6 34. Nc6 a6 35. Nd8+ Ke7 36. Nb7 Kd7 37. Kd2 Be7 38. Kc3 Kc7 39. Na5 Bxg5
40. Nb3 Be7 41. Nd2 a5 42. Nf3 Kd6 43. Kb3 a4+ 44. Ka3 c4 45. dxc4 Kc6+ 46. Ka2
b4 47. Nxe5+ Kc5 48. Kb1 Bd6 49. Nd3+ Kxc4 50. e5 Be7 51. Nb2+ Kb5 52. Nd3 h5
53. gxh5 gxh5 54. Nf4 h4 55. e6 Kc6 56. Ka2 Kd6 57. Kb1 Ke5 58. Ng6+ Kxe6 59.
Nf4+ Kf5 0-1

[Event "26th WSCC 2016 Women 50+"]
[Site "Marianske Lazne, Czech Republic - Hotel Cristal"]
[Date "2016.11.26"]
[Round "7.1"]
[White "Strutinskaia, Galina"]
[Black "Berend, Elvira"]
[Result "0-1"]
[WhiteElo "2266"]
[BlackElo "2349"]
[PlyCount "76"]
[EventDate "2016.11.19"]

1. d4 Nf6 2. Nf3 g6 3. g3 Bg7 4. Bg2 O-O 5. O-O d6 6. b3 c5 7. Bb2 cxd4 8. Nxd4
d5 9. e3 Bg4 10. Qc1 Qd7 11. Re1 Bh3 12. Bh1 Na6 13. f3 Rac8 14. Qd2 Rfd8 15.
Na3 Nc5 16. Rad1 e5 17. Ne2 Qe7 18. Qb4 Bd7 19. Qh4 h6 20. Qb4 Bc6 21. Bg2 Re8
22. Nb5 b6 23. a4 Ba8 24. Qa3 a6 25. Nbc3 Qc7 26. Qa1 h5 27. Rd2 Bh6 28. f4 d4
29. exd4 Bxg2 30. Kxg2 exf4 31. Nxf4 Bxf4 32. gxf4 Qxf4 33. Rf2 Qg4+ 34. Kh1
Rxe1+ 35. Qxe1 Qxd4 36. Qf1 Ng4 37. Re2 Ne6 38. h3 Ne3 0-1

[Event "26th WSCC 2016 Women 50+"]
[Site "Marianske Lazne, Czech Republic - Hotel Cristal"]
[Date "2016.11.26"]
[Round "7.2"]
[White "Ankudinova, Yelena"]
[Black "Kasoshvili, Tsiala"]
[Result "1/2-1/2"]
[WhiteElo "2122"]
[BlackElo "2117"]
[PlyCount "84"]
[EventDate "2016.11.19"]

1. f4 d6 2. Nf3 g6 3. g3 Bg7 4. Nc3 c5 5. Bg2 Nc6 6. O-O Nf6 7. d3 O-O 8. e4
Rb8 9. h3 Ne8 10. Be3 Nd4 11. Qd2 b5 12. a3 Nc7 13. Rae1 e5 14. Nd1 Qe7 15. c3
Nxf3+ 16. Rxf3 Bd7 17. d4 cxd4 18. cxd4 exf4 19. Bxf4 Rfe8 20. Rc3 Ne6 21. Be3
b4 22. Rb3 bxa3 23. Rxa3 Bc8 24. Nc3 Qb7 25. Re2 Qb4 26. Ra4 Qb7 27. e5 Qd7 28.
exd6 Rb3 29. Qc2 Rb8 30. d5 Nf8 31. Kh2 a6 32. Bc5 Rxe2 33. Qxe2 Bxc3 34. bxc3
Qxa4 35. Bd4 Bf5 36. Qe5 f6 37. Qxf6 Qd7 38. Qh8+ Kf7 39. Qf6+ Ke8 40. Qe5+ Kf7
41. Qf6+ Ke8 42. Qe5+ Kf7 1/2-1/2

[Event "26th WSCC 2016 Women 50+"]
[Site "Marianske Lazne, Czech Republic - Hotel Cristal"]
[Date "2016.11.26"]
[Round "7.3"]
[White "Makropoulou, Marina"]
[Black "Sazonova, Elena N"]
[Result "0-1"]
[WhiteElo "2119"]
[BlackElo "2113"]
[PlyCount "100"]
[EventDate "2016.11.19"]

1. e4 c5 2. Nf3 d6 3. d4 cxd4 4. Nxd4 Nf6 5. Nc3 a6 6. Bg5 Nbd7 7. f4 Qc7 8.
Qe2 e5 9. Nf5 h6 10. Bh4 g6 11. Ne3 exf4 12. Ned5 Nxd5 13. Nxd5 Qc6 14. Qc4 g5
15. Nc7+ Kd8 16. Nxa8 gxh4 17. O-O-O Qxc4 18. Bxc4 Ne5 19. Nb6 Bg4 20. Rde1 h3
21. gxh3 Bxh3 22. Bf1 Be6 23. Nd5 h5 24. Kb1 Bh6 25. Bd3 h4 26. Rhf1 f3 27. a4
Rg8 28. Rf2 Rg2 29. Ref1 h3 30. b3 Bg5 31. Bc4 Bh4 32. Rxf3 Nxf3 33. Rxf3 Rxh2
34. Nf4 Bxc4 35. bxc4 Rh1+ 36. Ka2 h2 37. Rh3 Bg3 38. Rxg3 Ra1+ 39. Kxa1 h1=Q+
40. Kb2 Qxe4 41. Rg8+ Kd7 42. Nd5 Qd4+ 43. Kb1 b5 44. axb5 axb5 45. Rg4 Qd1+
46. Kb2 bxc4 47. Nf6+ Ke6 48. Rf4 d5 49. Ng4 Qd2 50. Rf6+ Ke7 0-1

[Event "26th WSCC 2016 Women 50+"]
[Site "Marianske Lazne, Czech Republic - Hotel Cristal"]
[Date "2016.11.26"]
[Round "7.4"]
[White "Liu, Shilan"]
[Black "Bogumil, Tatiana"]
[Result "0-1"]
[WhiteElo "2249"]
[BlackElo "2124"]
[PlyCount "68"]
[EventDate "2016.11.19"]

1. e4 e6 2. d4 d5 3. Nd2 dxe4 4. Nxe4 Bd7 5. Nf3 Bc6 6. Bd3 Nd7 7. O-O Ngf6 8.
Ned2 Be7 9. c3 O-O 10. Qe2 Bxf3 11. Nxf3 c5 12. Bf4 cxd4 13. Nxd4 Nb6 14. Rad1
Nbd5 15. Bg3 Qb6 16. Rd2 Rfd8 17. Rfd1 a6 18. a3 Bd6 19. Bxd6 Qxd6 20. g3 Qc7
21. Nf3 Ne7 22. c4 a5 23. b4 axb4 24. axb4 g6 25. Qe5 Qxe5 26. Nxe5 Nc6 27.
Nxc6 bxc6 28. b5 cxb5 29. cxb5 Rab8 30. Bc4 Rxd2 31. Rxd2 Kf8 32. Kg2 Ke7 33.
f4 h5 34. Kh3 Ne4 0-1

[Event "26th WSCC 2016 Women 50+"]
[Site "Marianske Lazne, Czech Republic - Hotel Cristal"]
[Date "2016.11.26"]
[Round "7.5"]
[White "Ivanova, Tatiana"]
[Black "Wagner-Michel, Annett"]
[Result "1/2-1/2"]
[WhiteElo "2108"]
[BlackElo "2130"]
[PlyCount "136"]
[EventDate "2016.11.19"]

1. d4 d5 2. Bf4 e6 3. Nf3 Bd6 4. Bg3 Nf6 5. e3 c5 6. c3 O-O 7. Bd3 b6 8. Nbd2
Bb7 9. Ne5 Bxe5 10. Bxe5 cxd4 11. exd4 Nc6 12. Bf4 Re8 13. Nf3 Ne4 14. O-O f6
15. Re1 Ne7 16. h3 g5 17. Bh2 Ng6 18. Rc1 Rc8 19. Bb5 Re7 20. Bd3 Rg7 21. Nd2
f5 22. f3 Nxd2 23. Qxd2 Qf6 24. Re2 f4 25. Rce1 Nf8 26. Re5 Rcc7 27. Kf1 Rcf7
28. Bg1 h5 29. Bf2 Qh6 30. c4 Rf6 31. Qb4 Nd7 32. R5e2 g4 33. Bh4 gxf3 34. gxf3
dxc4 35. Qxc4 Bd5 36. Qc2 Rf8 37. Be4 Kh8 38. Bxd5 exd5 39. Re6 Qh7 40. Qxh7+
Kxh7 41. Rd6 Rf5 42. Re7 Nf8 43. Re5 Rxe5 44. dxe5 Rc7 45. e6 Rc1+ 46. Ke2 Nxe6
47. Rxe6 Rc2+ 48. Kd3 Rxb2 49. Re2 Rb1 50. Re7+ Kg6 51. Rxa7 Rh1 52. Ra6 Rxh3
53. Rxb6+ Kf5 54. Rf6+ Ke5 55. Bg5 Rxf3+ 56. Kc2 Rf2+ 57. Kb3 d4 58. a4 Rg2 59.
Rxf4 Rxg5 60. Rh4 Rg3+ 61. Kc4 d3 62. Rxh5+ Ke6 63. Kc3 Kd6 64. Rb5 Kc6 65. Rb1
Rg4 66. Ra1 Kb6 67. a5+ Ka6 68. Kxd3 Rg5 1/2-1/2

[Event "26th WSCC 2016 Women 50+"]
[Site "Marianske Lazne, Czech Republic - Hotel Cristal"]
[Date "2016.11.26"]
[Round "7.6"]
[White "Sirotkina, Nina"]
[Black "Burchardt, Brigitte"]
[Result "1/2-1/2"]
[WhiteElo "2178"]
[BlackElo "2204"]
[PlyCount "63"]
[EventDate "2016.11.19"]

1. d4 d5 2. Bf4 Nf6 3. e3 c6 4. c3 Bf5 5. Bd3 Bg6 6. Nf3 Nbd7 7. h3 e6 8. O-O
Be7 9. Bxg6 hxg6 10. Nbd2 c5 11. Qe2 cxd4 12. exd4 O-O 13. Ne5 Nxe5 14. Bxe5
Nd7 15. Nf3 Qa5 16. a4 Rfc8 17. Qb5 Qd8 18. Bg3 b6 19. Qe2 Nf6 20. Bh4 Ne4 21.
Bxe7 Qxe7 22. a5 Nd6 23. axb6 axb6 24. Ne5 b5 25. Nd3 Qc7 26. Rfc1 Ra7 27. Qd1
Rca8 28. Rxa7 Qxa7 29. Qe2 Qb6 30. Qd1 Qa5 31. Qe2 Qb6 32. Qd1 1/2-1/2

[Event "26th WSCC 2016 Women 50+"]
[Site "Marianske Lazne, Czech Republic - Hotel Cristal"]
[Date "2016.11.26"]
[Round "7.7"]
[White "Mednikova, Svetlana"]
[Black "Khropova, Larisa"]
[Result "0-1"]
[WhiteElo "2195"]
[BlackElo "1981"]
[PlyCount "72"]
[EventDate "2016.11.19"]

1. e4 d6 2. d4 Nf6 3. Nc3 g6 4. f3 c6 5. Bg5 Bg7 6. Qd2 h6 7. Be3 Nbd7 8. O-O-O
Qc7 9. Kb1 a6 10. g4 b5 11. g5 hxg5 12. Bxg5 Bb7 13. Bh3 b4 14. Nce2 a5 15. Bg2
O-O-O 16. Nh3 Nb6 17. Qd3 Kb8 18. c3 Qc8 19. cxb4 Ba6 20. Qc2 axb4 21. Nf2 Qb7
22. Nd3 Bxd3 23. Qxd3 Rc8 24. Qb3 Qa6 25. Qxb4 Rc7 26. Nc3 Rb7 27. Bf1 Qa7 28.
Ka1 Nbd5 29. Qc4 Nb4 30. Qe2 Rh5 31. h4 Nh7 32. Be3 Ra5 33. a3 Rxa3+ 34. bxa3
Qxa3+ 35. Na2 Nxa2 36. Qxa2 Qc3+ 0-1

[Event "26th WSCC 2016 Women 50+"]
[Site "Marianske Lazne, Czech Republic - Hotel Cristal"]
[Date "2016.11.26"]
[Round "7.8"]
[White "Birkholz, Olga"]
[Black "Richtrova, Eliska"]
[Result "0-1"]
[WhiteElo "2064"]
[BlackElo "2188"]
[PlyCount "68"]
[EventDate "2016.11.19"]

1. e4 d6 2. Nc3 g6 3. d4 Bg7 4. Be3 a6 5. Be2 Nd7 6. Qd2 b5 7. f4 Bb7 8. Bf3 e6
9. e5 Bxf3 10. Nxf3 d5 11. a4 b4 12. Ne2 Bf8 13. O-O Nh6 14. h3 Nf5 15. Bf2 h5
16. g4 hxg4 17. hxg4 Nh6 18. Nh2 c5 19. dxc5 Nxc5 20. Qxb4 Rb8 21. Qc3 Rc8 22.
Nd4 Ne4 23. Qh3 Qb6 24. Qb3 Qxb3 25. cxb3 Bc5 26. Rfd1 Nxf2 27. Kxf2 Bxd4+ 28.
Rxd4 Rc2+ 29. Kg3 Rxh2 30. Rb4 Nf5+ 31. gxf5 R8h3+ 32. Kg4 gxf5+ 33. Kg5 Rg2+
34. Kf6 Rg6# 0-1

[Event "26th WSCC 2016 Women 50+"]
[Site "Marianske Lazne, Czech Republic - Hotel Cristal"]
[Date "2016.11.26"]
[Round "7.9"]
[White "Milligan, Helen"]
[Black "Mira, Helene"]
[Result "1/2-1/2"]
[WhiteElo "2053"]
[BlackElo "2047"]
[PlyCount "137"]
[EventDate "2016.11.19"]

1. e4 d6 2. Nf3 Nf6 3. Nc3 c6 4. a4 a5 5. d4 Bg4 6. Be2 e6 7. Be3 d5 8. exd5
exd5 9. Ne5 Bxe2 10. Nxe2 Ne4 11. O-O Be7 12. Nf4 O-O 13. Qf3 Nd7 14. Nxd7 Qxd7
15. Qh3 Qxh3 16. Nxh3 Bf6 17. Rad1 Rfe8 18. Bf4 g5 19. Bc1 h6 20. Rfe1 Nd6 21.
Rxe8+ Rxe8 22. Kf1 Nf5 23. c3 b5 24. axb5 cxb5 25. Ng1 a4 26. Re1 Rc8 27. Bd2
Nd6 28. Ne2 Nc4 29. Bc1 Kg7 30. Rd1 h5 31. Ng3 Kg6 32. Ke2 Be7 33. Kd3 Bd6 34.
Re1 h4 35. Nf1 Bf4 36. Kc2 Bd6 37. h3 b4 38. Nd2 bxc3 39. bxc3 Nxd2 40. Bxd2 a3
41. Ra1 Re8 42. Kd3 Ra8 43. Ra2 Kf5 44. Bc1 Bf4 45. Be3 Bd6 46. Bc1 g4 47.
hxg4+ Kxg4 48. Bd2 Kf5 49. Bc1 Rg8 50. f3 Ra8 51. Kc2 Bf4 52. Bxa3 Bd6 53. Kb3
Bxa3 54. Rxa3 Rxa3+ 55. Kxa3 Kf4 56. c4 dxc4 57. Kb4 Kg3 58. d5 Kxg2 59. d6 h3
60. d7 h2 61. d8=Q h1=Q 62. Qg5+ Kh2 63. Qh4+ Kg2 64. Qg5+ Kf2 65. Qd2+ Kg1 66.
Qe1+ Kg2 67. Qd2+ Kf1 68. Qc1+ Kg2 69. Qg5+ 1/2-1/2

[Event "26th WSCC 2016 Women 50+"]
[Site "Marianske Lazne, Czech Republic - Hotel Cristal"]
[Date "2016.11.26"]
[Round "7.10"]
[White "Ovlyakuliyeva, Guldjahan"]
[Black "Beltz, Martina"]
[Result "1-0"]
[WhiteElo "1884"]
[BlackElo "2066"]
[PlyCount "85"]
[EventDate "2016.11.19"]

1. d4 d5 2. c4 e6 3. a3 c6 4. Nc3 f5 5. e3 Nf6 6. Nf3 Bd6 7. g3 O-O 8. cxd5
exd5 9. Bg2 Qe8 10. O-O Nbd7 11. b4 a6 12. Qb3 Kh8 13. Bd2 Qh5 14. a4 Ne4 15.
b5 Ndf6 16. Rfc1 Ng4 17. Be1 Bd7 18. bxa6 bxa6 19. a5 h6 20. Na4 Ng5 21. Nh4
Nxh2 22. Kxh2 Qxh4+ 23. Kg1 Qh5 24. Nb6 Rab8 25. Qd3 Be8 26. Qxa6 f4 27. exf4
Bxf4 28. Rc3 Bc7 29. Nxd5 cxd5 30. Rxc7 Bb5 31. Qa7 Ne6 32. Re7 Qg4 33. Bxd5
Nxd4 34. Rf7 Ne2+ 35. Kg2 Qh5 36. Rxf8+ Rxf8 37. Qb7 Bd3 38. Bf3 Qe5 39. Ra4
Nd4 40. Bc3 Rd8 41. Qb6 Rd6 42. Qb8+ Kh7 43. Rxd4 1-0

[Event "26th WSCC 2016 Women 50+"]
[Site "Marianske Lazne, Czech Republic - Hotel Cristal"]
[Date "2016.11.26"]
[Round "7.11"]
[White "Bazantova, Marie"]
[Black "Baliuniene, Margarita"]
[Result "0-1"]
[WhiteElo "1936"]
[BlackElo "1877"]
[PlyCount "102"]
[EventDate "2016.11.19"]

1. e4 c5 2. c3 g6 3. d4 cxd4 4. cxd4 d5 5. e5 Bg7 6. Nc3 Nc6 7. Bb5 e6 8. Nf3
Nge7 9. Bg5 Bd7 10. Qd2 h6 11. Be3 Nf5 12. O-O O-O 13. h3 Nxe3 14. fxe3 Qb6 15.
Bd3 Nb4 16. Bb1 Rac8 17. a3 Nc6 18. b4 Ne7 19. Bd3 Qd8 20. Rac1 Nf5 21. Qf2 a6
22. a4 Qb6 23. b5 Qa5 24. Bxf5 Rxc3 25. Qd2 Rfc8 26. bxa6 bxa6 27. Bd3 Qc7 28.
Ra1 a5 29. Rfb1 Bf8 30. Qe2 Bb4 31. Nd2 Qd8 32. Rf1 Qg5 33. Nf3 Qg3 34. Rfd1
Kg7 35. Qb2 R8c7 36. Qf2 Qxf2+ 37. Kxf2 Ba3 38. Bb5 Bxb5 39. axb5 Rb7 40. Rd2
Rxb5 41. Ke2 Rbb3 42. Ne1 Rxe3+ 43. Kf2 Bb4 44. Re2 Rxe2+ 45. Kxe2 Bc3 46. Ra2
Bxd4 47. Rxa5 Bxe5 48. Nd3 Bc3 49. Rc5 Bd4 50. Ra5 Rb1 51. Ra4 Bf6 0-1

[Event "26th WSCC 2016 Women 50+"]
[Site "Marianske Lazne, Czech Republic - Hotel Cristal"]
[Date "2016.11.26"]
[Round "7.12"]
[White "Kierzek, Mira"]
[Black "Korinkova, Eva"]
[Result "1-0"]
[WhiteElo "2005"]
[BlackElo "1792"]
[PlyCount "187"]
[EventDate "2016.11.19"]

1. d4 Nf6 2. c4 c6 3. Nf3 d5 4. Nc3 e6 5. e3 Nbd7 6. Qc2 Be7 7. Bd3 dxc4 8.
Bxc4 O-O 9. Bd3 c5 10. O-O b6 11. Rd1 cxd4 12. exd4 Bb7 13. Ne5 Rc8 14. Qe2 Nd5
15. Nxd5 Bxd5 16. Bf4 Nxe5 17. dxe5 Bg5 18. Qh5 h6 19. Bg3 Qe8 20. Qe2 Qa4 21.
b3 Qb4 22. h3 Rfd8 23. f3 Bh4 24. Bf2 Bxf2+ 25. Kxf2 Rc3 26. Kf1 Rdc8 27. Qd2
Kf8 28. Re1 Rxb3 29. Qxb4+ Rxb4 30. a3 Rb2 31. Rac1 Rd8 32. Rc3 f6 33. exf6
gxf6 34. Be4 Ke7 35. Rc7+ Rd7 36. Rc3 Rd2 37. Kg1 Bxe4 38. Rxe4 Rb2 39. Rg4 Kf7
40. Rc8 f5 41. Rg3 Rd1+ 42. Kh2 f4 43. Rgg8 Kf6 44. Rgf8+ Ke5 45. Rc4 Rdd2 46.
Re4+ Kd6 47. Rd8+ Ke7 48. Rxd2 Rxd2 49. Rxf4 h5 50. Rh4 Rd5 51. a4 Kf6 52. Rf4+
Rf5 53. Re4 e5 54. Kg3 Rg5+ 55. Kf2 Rg8 56. g3 Ke6 57. Ke3 Kd5 58. Rb4 Rg5 59.
g4 hxg4 60. hxg4 Kc6 61. Ke4 a6 62. Rc4+ Kd6 63. Rc8 b5 64. Ra8 bxa4 65. Rxa6+
Ke7 66. Rxa4 Ke6 67. Ra6+ Ke7 68. Rh6 Kf7 69. Rh5 Rg8 70. Rf5+ Kg6 71. Rxe5 Ra8
72. Kf4 Ra4+ 73. Re4 Ra5 74. Rb4 Rc5 75. Rb6+ Kg7 76. g5 Rc4+ 77. Kg3 Rc5 78.
f4 Ra5 79. Kg4 Ra4 80. Rf6 Rb4 81. Re6 Rb1 82. Kf5 Rb5+ 83. Re5 Rb7 84. Rd5
Rf7+ 85. Kg4 Ra7 86. f5 Ra4+ 87. Kh5 Ra7 88. f6+ Kf7 89. Rd6 Ra1 90. g6+ Ke8
91. Kh6 Rh1+ 92. Kg7 Rf1 93. f7+ Ke7 94. Ra6 1-0

[Event "26th WSCC 2016 Women 50+"]
[Site "Marianske Lazne, Czech Republic - Hotel Cristal"]
[Date "2016.11.27"]
[Round "8.1"]
[White "Bogumil, Tatiana"]
[Black "Berend, Elvira"]
[Result "1-0"]
[WhiteElo "2124"]
[BlackElo "2349"]
[PlyCount "135"]
[EventDate "2016.11.19"]

1. Nf3 c5 2. c4 Nc6 3. d4 cxd4 4. Nxd4 g6 5. Nc3 Bg7 6. Nb3 d6 7. e4 Nf6 8. Be2
O-O 9. O-O Be6 10. Be3 b6 11. Nd4 Bd7 12. Nxc6 Bxc6 13. f3 Rc8 14. Qd2 Bb7 15.
Rac1 Nd7 16. b3 Nc5 17. Rfd1 Qe8 18. Bh6 Bxh6 19. Qxh6 Kh8 20. Qe3 f6 21. b4
Nd7 22. Qd4 Ne5 23. Nd5 Qf7 24. f4 Nc6 25. Qb2 e5 26. Bg4 Rcd8 27. c5 dxc5 28.
bxc5 h5 29. Bf3 bxc5 30. Rxc5 Ba8 31. Rdc1 Nd4 32. Rc7 Rd7 33. Rxd7 Qxd7 34.
Qb4 Rc8 35. Rxc8+ Qxc8 36. fxe5 Nxf3+ 37. gxf3 Bxd5 38. exd5 Qc1+ 39. Kf2 Qc2+
40. Ke3 Qc1+ 41. Ke2 Qc2+ 42. Qd2 Qc4+ 43. Kf2 Kg7 44. d6 Qh4+ 45. Kg2 fxe5 46.
d7 Qd8 47. Qd6 Kf7 48. a4 a5 49. h4 g5 50. Qd5+ Kf6 51. hxg5+ Kxg5 52. Qxe5+
Kh6 53. Qe6+ Kg7 54. f4 Qa8+ 55. Kf2 Qa7+ 56. Ke2 Qa8 57. Qe7+ Kh6 58. Qg5+ Kh7
59. Qxh5+ Kg7 60. Qe5+ Kh7 61. Qe7+ Kh6 62. d8=Q Qg2+ 63. Kd3 Qf3+ 64. Kc2 Qc6+
65. Kb3 Qf3+ 66. Kc4 Qc6+ 67. Kd4 Qxa4+ 68. Ke5 1-0

[Event "26th WSCC 2016 Women 50+"]
[Site "Marianske Lazne, Czech Republic - Hotel Cristal"]
[Date "2016.11.27"]
[Round "8.2"]
[White "Ankudinova, Yelena"]
[Black "Strutinskaia, Galina"]
[Result "0-1"]
[WhiteElo "2122"]
[BlackElo "2266"]
[PlyCount "78"]
[EventDate "2016.11.19"]

1. c4 e5 2. Nc3 Nc6 3. g3 g6 4. Bg2 Bg7 5. e3 d6 6. Nge2 h5 7. h4 Bg4 8. a3 a5
9. b3 Nge7 10. Bb2 O-O 11. Qc2 Rb8 12. O-O-O Na7 13. f3 Bf5 14. e4 Bd7 15. d4
b5 16. dxe5 bxc4 17. bxc4 Bxe5 18. f4 Bg7 19. e5 Bg4 20. c5 Nf5 21. Rd3 Nb5 22.
Ne4 Qe8 23. a4 Na7 24. N2c3 dxe5 25. Nd5 Rxb2 26. Ndf6+ Kh8 27. Qxb2 Qxa4 28.
fxe5 Nc6 29. Ng5 Ncd4 30. Bd5 Ne2+ 31. Kd2 Nexg3 32. Qb8 Bh6 33. Qxc7 Nxh1 34.
Bxh1 Bxg5+ 35. hxg5 Qd1+ 36. Kc3 Qa1+ 37. Kc2 Nd4+ 38. Kd2 Qd1+ 39. Ke3 Nf5+
0-1

[Event "26th WSCC 2016 Women 50+"]
[Site "Marianske Lazne, Czech Republic - Hotel Cristal"]
[Date "2016.11.27"]
[Round "8.3"]
[White "Sazonova, Elena N"]
[Black "Kasoshvili, Tsiala"]
[Result "1/2-1/2"]
[WhiteElo "2113"]
[BlackElo "2117"]
[PlyCount "88"]
[EventDate "2016.11.19"]

1. e4 g6 2. d4 Bg7 3. Nc3 c6 4. Nf3 d6 5. h3 Nf6 6. Bd3 O-O 7. O-O Qc7 8. Re1
e5 9. Be3 h6 10. Ne2 Nbd7 11. Ng3 Re8 12. c3 Nf8 13. a4 b6 14. b4 Bd7 15. dxe5
dxe5 16. a5 Ne6 17. Bc2 c5 18. Qd2 Kh7 19. Bb3 Rad8 20. bxc5 bxc5 21. Bc4 Bf8
22. Qa2 Bc6 23. Qc2 Rd7 24. Nd2 Qb7 25. a6 Qb6 26. Reb1 Qc7 27. Nb3 Ba8 28. Na5
Rd6 29. Bb5 Rb8 30. Nc4 Rdd8 31. f3 Nd7 32. Qa4 Nb6 33. Nxb6 Rxb6 34. Qc4 Rdb8
35. Qf1 Be7 36. Bc4 Bg5 37. Bxg5 hxg5 38. Bxe6 Rxe6 39. Rxb8 Qxb8 40. Qc4 Qb6
41. Ra3 Bc6 42. Rb3 Qa5 43. Nf1 Kg7 44. Ne3 Be8 1/2-1/2

[Event "26th WSCC 2016 Women 50+"]
[Site "Marianske Lazne, Czech Republic - Hotel Cristal"]
[Date "2016.11.27"]
[Round "8.4"]
[White "Richtrova, Eliska"]
[Black "Wagner-Michel, Annett"]
[Result "1/2-1/2"]
[WhiteElo "2188"]
[BlackElo "2130"]
[PlyCount "46"]
[EventDate "2016.11.19"]

1. c4 e5 2. Nc3 Nf6 3. g3 d5 4. cxd5 Nxd5 5. Bg2 Nb6 6. Nf3 Nc6 7. O-O Be7 8.
a3 a5 9. d3 O-O 10. Be3 Be6 11. Rc1 Nd5 12. Bd2 Qd7 13. Qc2 Rad8 14. Rfd1 f6
15. Ne4 Rfe8 16. Nc5 Bxc5 17. Qxc5 Nde7 18. Qc2 Nf5 19. Bc3 Qf7 20. Re1 Bb3 21.
Qb1 Ba2 22. Qc2 Bb3 23. Qb1 Ba2 1/2-1/2

[Event "26th WSCC 2016 Women 50+"]
[Site "Marianske Lazne, Czech Republic - Hotel Cristal"]
[Date "2016.11.27"]
[Round "8.5"]
[White "Khropova, Larisa"]
[Black "Makropoulou, Marina"]
[Result "0-1"]
[WhiteElo "1981"]
[BlackElo "2119"]
[PlyCount "94"]
[EventDate "2016.11.19"]

1. d4 Nf6 2. Bf4 e6 3. e3 c5 4. c3 Nc6 5. Nd2 d5 6. Ngf3 Qb6 7. Qb3 Qxb3 8.
axb3 Nh5 9. Bg3 Nxg3 10. hxg3 h6 11. dxc5 Bxc5 12. b4 Bd6 13. b5 Ne7 14. b4 O-O
15. Nb3 Bd7 16. Be2 Rfc8 17. Kd2 f6 18. Ra2 b6 19. Rha1 Rc7 20. Ra3 e5 21. Nc1
Kf7 22. Ra6 Nc8 23. Na2 Rb8 24. Ra3 Ne7 25. g4 Rd8 26. Rc1 Be6 27. g3 g5 28.
Rh1 Kg7 29. Ne1 d4 30. exd4 exd4 31. c4 Rdd7 32. Nc2 Ng6 33. Rd1 Ne5 34. Nxd4
Bxb4+ 35. Nxb4 Rxd4+ 36. Ke1 Rxd1+ 37. Kxd1 Nxc4 38. Bxc4 Bxc4 39. Nc6 Bxb5 40.
Nxa7 Bd7 41. f3 Kf7 42. Kd2 Ke7 43. Ra6 b5 44. Ra5 b4 45. Ra6 b3 46. Rb6 Rxa7
47. Rxb3 Be6 0-1

[Event "26th WSCC 2016 Women 50+"]
[Site "Marianske Lazne, Czech Republic - Hotel Cristal"]
[Date "2016.11.27"]
[Round "8.6"]
[White "Mira, Helene"]
[Black "Ivanova, Tatiana"]
[Result "0-1"]
[WhiteElo "2047"]
[BlackElo "2108"]
[PlyCount "122"]
[EventDate "2016.11.19"]

1. Nf3 Nf6 2. c4 e6 3. g3 d5 4. Bg2 Be7 5. O-O O-O 6. b3 c5 7. cxd5 exd5 8. d4
Nc6 9. dxc5 Bxc5 10. Ba3 Qe7 11. Bxc5 Qxc5 12. a3 Bf5 13. b4 Qe7 14. Nc3 Rfd8
15. Nd4 Nxd4 16. Qxd4 Be4 17. Bh3 h5 18. Rfd1 Bc2 19. Rd2 Bb3 20. Rb2 Bc4 21.
a4 b6 22. f3 Ba6 23. Rd1 Bc8 24. Bxc8 Raxc8 25. Rbd2 Rc4 26. Qxc4 dxc4 27.
Rxd8+ Kh7 28. Kf1 Qxb4 29. Nd5 Qxa4 30. Nxf6+ gxf6 31. R1d5 f5 32. Rxf5 Kg6 33.
e4 c3 34. Kg2 c2 35. Rg8+ Kh7 36. Rc8 Qb3 37. Kh3 Kg7 38. f4 Qd3 39. Rg5+ Kf6
40. Rf5+ Ke6 41. Re8+ Kd7 42. Rf8 Qf1+ 43. Kh4 c1=Q 44. R5xf7+ Kc6 45. Rc8+ Kb5
46. Rxc1 Qxc1 47. Rxa7 Qc2 48. Kxh5 Qxe4 49. Kh4 Kc6 50. Kg5 b5 51. Rg7 b4 52.
f5 b3 53. Rg6+ Kb5 54. Re6 Qd5 55. Re8 Qd2+ 56. Kg6 Qxh2 57. Rb8+ Kc4 58. Rxb3
Kxb3 59. g4 Kc4 60. f6 Kd5 61. f7 Qh8 0-1

[Event "26th WSCC 2016 Women 50+"]
[Site "Marianske Lazne, Czech Republic - Hotel Cristal"]
[Date "2016.11.27"]
[Round "8.7"]
[White "Burchardt, Brigitte"]
[Black "Liu, Shilan"]
[Result "0-1"]
[WhiteElo "2204"]
[BlackElo "2249"]
[PlyCount "120"]
[EventDate "2016.11.19"]

1. e4 c5 2. Nc3 Nc6 3. g3 g6 4. Bg2 Bg7 5. d3 d6 6. Be3 Rb8 7. a4 a6 8. Nf3 Nd4
9. Qd2 b5 10. axb5 axb5 11. Bxd4 cxd4 12. Ne2 e5 13. O-O Nf6 14. Qb4 O-O 15. c3
dxc3 16. bxc3 Qc7 17. Ra5 Bd7 18. Rfa1 Rb7 19. Nd2 Rfb8 20. d4 Bf8 21. d5 h5
22. h3 Ne8 23. Nc1 Bh6 24. R5a2 Rc8 25. Ne2 Qd8 26. Qb2 h4 27. g4 Rcb8 28. Ra7
Bg5 29. Rxb7 Rxb7 30. Nf3 Be7 31. Nc1 f5 32. gxf5 gxf5 33. exf5 Bxf5 34. Qa2
Bf6 35. Nd2 Rg7 36. Kh2 e4 37. f4 Bxc3 38. Rb1 Bxd2 39. Qxd2 e3 40. Qb2 Bxb1
41. Qxb1 Nc7 42. Ne2 Qe7 43. Bf3 Qf6 44. Qb3 Re7 45. Qb4 Kf8 46. Qa3 Ne8 47.
Bh5 Re4 48. Qd3 Rxf4 49. Qxe3 Rf2+ 50. Kg1 Rf1+ 51. Kg2 Ng7 52. Bg4 Re1 53. Bf3
Nf5 54. Qd2 Ra1 55. Nf4 Rb1 56. Ne2 Qe5 57. Qa5 Rb2 58. Qd8+ Kg7 59. Qg5+ Kh7
60. Kf2 Qg3+ 0-1

[Event "26th WSCC 2016 Women 50+"]
[Site "Marianske Lazne, Czech Republic - Hotel Cristal"]
[Date "2016.11.27"]
[Round "8.8"]
[White "Ovlyakuliyeva, Guldjahan"]
[Black "Sirotkina, Nina"]
[Result "0-1"]
[WhiteElo "1884"]
[BlackElo "2178"]
[PlyCount "100"]
[EventDate "2016.11.19"]

1. d4 Nf6 2. c4 e6 3. a3 b6 4. Nf3 Bb7 5. Nc3 d6 6. g3 Ne4 7. Nxe4 Bxe4 8. Bg2
Be7 9. O-O O-O 10. e3 a5 11. b3 Nd7 12. Bb2 f5 13. Ne1 Bxg2 14. Nxg2 Bf6 15.
Rb1 Qe7 16. Qf3 g5 17. Rfe1 Bg7 18. e4 f4 19. g4 c5 20. e5 cxd4 21. exd6 Qxd6
22. Qd1 e5 23. f3 Qg6 24. Re2 Rfc8 25. h4 h6 26. hxg5 hxg5 27. Ne1 a4 28. Rc1
axb3 29. Qxb3 Nc5 30. Qd1 Rd8 31. Rd2 Bf8 32. Nd3 Nxd3 33. Rxd3 Bc5 34. Kg2 Ra7
35. Qe2 Re7 36. Re1 Rde8 37. Qe4 Qxe4 38. Rxe4 Kf7 39. Rb3 Ra8 40. Re1 Ra4 41.
Rc1 Kf6 42. Rc2 Rh7 43. Bc1 Ra8 44. Kf1 Ke6 45. Ke2 e4 46. fxe4 Rh2+ 47. Kd1
Rh1+ 48. Ke2 Rah8 49. Rf3 R8h2+ 50. Kd3 Rh3 0-1